Autour des disciplines olympiques et des jeux (1) - Statistiques

Statistiques générales
  • Ce quiz a été pris 14 fois
  • Le résultat moyen est 5 sur 64
Statistiques - réponses
Hint Réponse % Correct
1896 Arme non utilisée lors des épreuves d'escrime de 1896 Sabre
100%
1896 Discipline représentée sans interruption depuis 1896 Athlétisme | Escrime | Gymnastique artistique | Natation
57%
1936 Discipline de sport collectif au programme au plus tard depuis 1936 (même avec interruption) Basket | Football | Handball | Hockey sur gazon | Water polo
21%
1908 En escrime, une arme est absente lors des jeux de 1908;;; Fleuret
21%
1936 Un athlète noir se distingue lors des JO de 1936 Jesse {Owens}
21%
1904 Aux Jeux de 1904, les distances des courses de natation et de cyclisme sont exprimées en Yards | Miles
21%
1900 Discipline disputée le long de ou sur la Seine lors des jeux de 1900 Aviron | Natation | Water polo | Sauvetage | Motonautisme | Voile
14%
1920 Le Tchèque Pesek appartient à deux équipes de sport collectif, trouvez-en une Hockey sur glace | Football
14%
1904 Lors des épreuves de lutte on prend en considération cette caractéristique pour la 1ère fois en 1904 le {poids} des lutteurs
14%
1908 La distance de cette épreuve d'athlétisme est définitivement fixée en 1908 Marathon
14%
1904 Aux Jeux de 1904, les distances des courses d'athlétisme sont exprimées en Mètres
14%
1900 Discipline dans laquelle les femmes peuvent participer dès 1900 Tennis | Golf | Croquet | Equitation | Voile
14%
1908 Citez une des trois disciplines nautiques (selon le calendrier officiel) disputées en 1908 Voile | Aviron | Motonautisme
14%
1912 Epreuve apparue en athlétisme en 1912, relais 4 x 100 | 4 x 400
7%
1924 Discipline disputée dès les 1ers jeux d'hiver Biathlon | Bobsleigh | Curling | Hockey-sur-glace | Patinage de vitesse | Patinage artistique | Ski de fond | Combiné nordique | Saut à ski
7%
1900 Discipline disputée en 1900 mais disparue de nos jours Cricket | Croquet | Jeu de paume | Motonautisme | Pelote basque | Polo | Rugby à XV | Tir à la corde
7%
1912 Discipline boycottée par la France lors des JO de 1912 Escrime
7%
1900 Discipline disputée à Compiègne en 1900 car il n'existe pas d'infrastructure plus proche de Paris Golf
7%
1928 Lors des JO de 1928, deux nouvelles disciplines sont ouvertes aux femmes. Citez-en une... Gymnastique | Athlétisme
7%
1924 Discipline passée du programme des jeux d'été à celui des jeux d'hiver Hockey-sur-glace | Patinage artistique
7%
1924 Discipline représentée sans interruption depuis les jeux d'hiver de 1924 Hockey-sur-glace | Patinage artistique | Patinage de vitesse | Ski de fond | Combiné nordique | Saut à ski
7%
1924 En natation un nageur américain survole les épreuves, il deviendra acteur, Johnny {Weissmuller}
7%
1924 Un film raconte une partie des jeux de 1924. Son titre ? Les chariots de feu
7%
1912 En 1912, 2 disciplines s'ouvrent aux femmes citez-en une... Plongeon | Natation
7%
1932 Pour éviter tout incident, lors de la cérémonie d'ouverture un pays est intercalé entre l'Allemagne et la France Royaume-Uni
7%
1900 Discipline dans laquelle une femme obtient pour la 1ère fois le titre olympique en 1900 Tennis
7%
1908 En 1908, à l'une des épreuves de patinage artistique prend part un patineur qui a laissé son nom dans l'histoire de ce sport Ulrich {Salchow}
7%
1920 Cette épreuve d'équitation est disputée en 1920 pour l'unique fois Voltige
7%
1896 Epreuve annulée lors des Jeux de 1896 faute de participants ou à cause de la météo Water polo | Sabre | Voile | Aviron
7%
1932 Dans les disciplines de courses on utilise à partir de 1932 le chronométrage au 1/100e
0%
1932 La délégation irlandaise, 3 athlètes remporte... médailles d'or 2
0%
1928 Après une campagne de presse, le CIO décide de réduire la longueur des courses féminines à ... 200 mètres
0%
1920 En équitation, le concours complet comporte alors 4 épreuves, trois n'existent plus sous cette forme, trouvez-en une 50 km | 20 km | 4000 m steeple
0%
1936 La plus jeune championne olympique de l'histoire est une plongeuse de nationalité américaine
0%
1900 Discipline non considérée comme olympique par le CIO mais disputée en 1900 Automobilisme | Colombophilie | Concours de ballons | Jeu de boules | Longue paume | Pêche à la ligne | Motonautisme | Tir au canon | Sauvetage
0%
1900 Discipline introduite en 1900 au programme et toujours disputée sans interruption Aviron
0%
1900 Citez une des épreuves du concours général de gymnastique en 1900 qui n'en fait plus partie de nos jours Barre horizontale | Saut en hauteur | Saut en longueur | Saut à la perche | Montée de corde | Lever de pierre
0%
1904 Discipline présentée en démonstration aux JO de 1904 Basket
0%
1924 Discipline disputée dès 1924 mais sous un nom différent Biathlon
0%
1900 Discipline réservée aux Français lors des jeux de 1900 Concours scolaire | Exercices militaires | Tir au canon
0%
1900 Epreuve de natation disputée en 1900 et disparue Course avec obstacles | Parcours sous l'eau | 200 mètres par équipe
0%
1904 Une épreuve de plongeon n'est disputée qu'en 1904, le plongeon... en longueur
0%
1896 Discipline ouverte aux professionnels en 1896, c'est la seule... Escrime
0%
1932 Un film américain sur le sujet sort l'année même des jeux. Son titre ? Folies olympiques
0%
1900 Nom de la discipline "football" en 1900 Football association
0%
1900 Nom de la discipline "rugby" en 1900 Football rugby
0%
1936 En 1982, Gérard Oury réalise un film ayant pour toile de fond les JO de 1936. Son titre ? L'as des as
0%
1936 La réalisatrice Leni Riefenstahl réalise le film Les dieux du stade
0%
1908 En motonautisme en 1908, les engins sont répartis en catégorie selon leur longueur
0%
1896 Professionnels faisant l'objet d'une épreuve spécifique en 1896 Maîtres d'escrime | Marins
0%
1904 Epreuve de gymnastique présente aux JO de 1904, reconnue par le CIO, mais disparue Massues | Corde lisse
0%
1896 Epreuve annulée lors des Jeux de 1896 faute de participants Patinage | Hockey | Crosse | Courte paume | Balle au tamis
0%
1920 Des disciplines artistiques sont présentent aux JO de 1920, trouvez-en une Planification urbaine | Sculpture | Peinture | Littérature | Musique
0%
1908 Les jeux de 1908 se déroulent en quatre phases appelées "jeux de.." Printemps | Eté | Nautiques | Hiver
0%
1924 Quel nouveau médium couvre les JO de 1924 Radio
0%
1900 Discipline dans laquelle participe pour la première fois un noir, dans l'équipe française Rugby
0%
1920 Les organisateurs des JO de 1920 ne sont pas obligés d'organiser des compétitions dans plusieurs disciplines, trouvez-en une... Rugby à XV | Hockey sur gazon | Hockey sur glace | Tir à l'arc | Polo | Patinage artistique | Golf | Ski
0%
1900 Epreuve d'équitation disputée pour la seule fois lors des jeux de 1900 Saut en hauteur | Saut en longueur
0%
1904 En 1904, une épreuve d'athlétisme permet au vainqueur de passer 3.476 m, c'est le Saut en longueur sans élan
0%
1904 Epreuve d'escrime qui constitue la 4e arme lors des jeux de 1904 Singlestick
0%
1936 Pour la 1ère fois une femme bat des hommes aux JO dans la discipline en démonstration de ... Sport automobile
0%
1936 Quel nouveau médium couvre les JO de 1936 ? Télévision
0%
1904 Trois poloïstes ne sont pas rentrés chez eux après les JO de 1904 car, malades, ils sont morts de typhoïde
0%
1912 En 1912, dans cette discipline, trois frères remportent une médaille d'or Voile
0%
Aucun quiz correspondant
Distribution des résultats
% des personnes avec chaque résultat
Percentile par nombre de réponses
Votre historique - résultats
Vous n’avez pas pris ce quiz